| 000 | 00406nam a2200145Ia 4500 | ||
|---|---|---|---|
| 008 | 151213s9999 xx 000 0 und d | ||
| 100 | _aDr.M.Kabir Hasan | ||
| 245 |
_aThe Bangladesh Economy in the 21st Century _cDr.M.Kabir Hasan |
||
| 260 |
_aDhaka _bIslami Bank Bangladesh Ltd. _c2003 |
||
| 300 | _a3213 p. | ||
| 650 | _aFinance | ||
| 650 | _aFinance | ||
| 700 | _aDr.M.Kabir Hasan | ||
| 999 |
_c2217 _d2217 |
||